| 000 | 00767nam a22001937a 4500 | ||
|---|---|---|---|
| 999 |
_c7432 _d7432 |
||
| 005 | 20211124120506.0 | ||
| 008 | 211124b ||||| |||| 00| 0 eng d | ||
| 020 | _a9788494637636 | ||
| 040 | _aCDMR | ||
| 245 |
_aYo quiero un tebeo : _bhomenaje a una publicación centenaria, 1917-2017 _c/ Antonio Altarriba [i 13 més] ; coordinador: Manuel Barrero |
||
| 260 |
_aBarcelona: _bAsociación Cultural Tebeoesfera : Diminuta Editorial, _c2017 |
||
| 300 |
_a286 pàgines : _bil·lustracions; _c24 cm |
||
| 490 |
_aPerifèrics; _v3 |
||
| 610 | 2 | 0 |
_94267 _aTBO (Revista) _xHistòria |
| 650 | 0 |
_93313 _aCòmics _zEspanya _xHistòria i crítica |
|
| 650 | 0 |
_93162 _aHumorisme gràfic _zEspanya _xHistòria |
|
| 710 |
_94731 _aAsociacion Cultural Tebeosfera |
||
| 942 |
_2udc _cMON |
||